00000000nam 22000008i 4500
0019.936751
003CaOODSP
00520250430090345
006m     o  d f      
007cr cn|||||||||
008240412t20242024onc     o    f000 0 fre d
020 |a9780660714493
040 |aCaOODSP|bfre|erda|cCaOODSP
043 |an-cn---
0861 |aM154-177/2024F-PDF
24500|aBase de données canadienne sur la biothermie 2023 : |binstallations biothermiques communautaires, commerciales et institutionnelles au Canada.
264 1|a[Ottawa] : |bRessources naturelles Canada = Natural Resources Canada, |c2023.
264 4|c©2023
300 |a1 ressource en ligne (19 pages) : |bcarte, graphiques
336 |atexte|btxt|2rdacontent/fre
337 |ainformatique|bc|2rdamedia/fre
338 |aressource en ligne|bcr|2rdacarrier/fre
500 |aTitre de la couverture.
500 |aPublié aussi en anglais sous le titre : 2023 Canadian Bioheat Database: community, commercial and institutional bioheat installations in Canada.
650 6|aBioénergie|zCanada.
650 6|aBioénergie|zCanada|xBases de données.
7101 |aCanada. |bRessources naturelles Canada, |eorganisme de publication.
77508|t2023 Canadian Bioheat Database : |w(CaOODSP)9.937028
85640|qPDF|s1.05 Mo|uhttps://publications.gc.ca/collections/collection_2025/rncan-nrcan/M154-177-2024-fra.pdf